Die 7 Kontinente nach Einwohner - Statistiken

Allgemein
  • Dieses Quiz wurde 215 mal gespielt
  • Das Durchschnittsergebnis liegt bei 7 aus 7
Antwortstatistiken
Einwohner Kontinent % Korrekt
4842 Mio. Asien
100%
1479 Mio. Afrika
99%
752 Mio. Europa
99%
615 Mio. Nordamerika
97%
45.3 Mio. Ozeanien
97%
449 Mio. Südamerika
97%
1100 Antarktika
95%
Keine übereinstimmenden Quizze gefunden
Verteilung der Resultate
Anzahl Personen mit jedem Resultat
Perzentil nach korrekt beantworteten Fragen
Ihre Resultats-Entwicklung
Sie haben dieses Quiz noch nicht gespielt